000 00494nam a2200193Ia 4500
008 151119s9999||||xx |||||||||||||| ||und||
082 _a891.463
082 _bGKKV27983
100 _aकाशीकर एस एम
245 _aसंघर्ष
260 _a--
260 _b--
260 _c2008
600 _aकाशीकर एस एम
630 _aसंघर्ष
700 _aकाशीकर एस एम
730 _aसंघर्ष
942 _cBOOK
999 _c1080400
_d1080397